| 000 | 00650nam a22002177a 4500 | ||
|---|---|---|---|
| 003 | ITZ | ||
| 005 | 20240522121334.0 | ||
| 008 | 240522b |||||||| |||| 00| 0 spa d | ||
| 020 | _a978-3-030-51301-6 | ||
| 035 | _a17848 | ||
| 041 | _aspa | ||
| 050 |
_aTJ267 _bG353 - 2021 |
||
| 082 |
_a621.406 _bG191t - 2021 |
||
| 100 | 1 | _aGambini, Marco | |
| 245 |
_aTurbomachinery: _bFundamentals, Selection and Preliminary Desing / _cMarco Gambini, Michela Vellini |
||
| 250 | _a1a ed. | ||
| 260 |
_aCham: _bSpringer, _c2021 |
||
| 300 |
_a358 p. _bil / _c24 cm. |
||
| 650 | _a1. TURBOMAQUINAS - DISEÑO Y CONSTRUCCIÓN \ 2. MECANICA DE FLUIDOS | ||
| 942 | _cBK | ||
| 999 |
_c29466 _d29466 |
||